000 00653nam a2200241Ia 4500
001 9447
003 GE_BSU
008 181216s||||||||xx |||||||||||||| ||und||
040 _cGE_BSU
080 _a821.353.1–11
100 _aმოსაშვილი,ილო
245 _aბაზალეთი. ნ.1
245 _bპოემა
245 _cრედ.ი.აბაშიძე
260 _aთბილისი
260 _bფედერაცია
260 _c1941
300 _a130გვ.14სმ.
653 _aბაზალეთი
653 _aპიესები
653 _aპოემა
942 _cBK
999 _c42741
_d42741